| Registos Bibliográficos associados ao registo de autoridade |
|
Etiqueta de registo: 00000nkm 2200025 450 001 2257516 003 http://id.bnportugal.gov.pt/bib/catbnp/2257516 100 ## $a20260130f1976 m y0pory01030103ba 101 0# $apor 102 ## $aPT 200 1# $a1º encontro de teatro amador de Torres Vedras, organização do Centro Cultural de Torres
Vedras, 21 maio a 19 junho, com apoio do FAOJ$bVisual gráfico]$fCentro Cultural de Torres Vedras 210 #9 $aTorres Vedras$cCentro Cultural de Torres Vedras,$d[1976?]$eTorres Vedras :$gA União, Lda.) 215 ## $a1 cartaz$ccolor.$d57x38,7 cm 306 ## $aDatação atribuída em conformidade com o evento anunciado. 317 ## $aColeção Madeira Luís 675 ## $a766(=1:469)"197"(084.5)$vBN$zpor$31270858 710 02 $aEncontro de Teatro Amador$b1$eTorres Vedras$31993973 712 02 $aCentro Cultural de Torres Vedras$31881984 801 #0 $aPT$bBN$gRPC 966 ## $lBN$mICONOG$sCT. 18678 A.$x3 971 ## $cCaticonografia3$d20260130 995 ## $aPRR2026 $d20260130$iCaticonografia3
|
|
|